[Event "40. Open Vila de Sitges 2014"]
[Site "Sitges ESP"]
[Date "2014.07.30"]
[Round "8.1"]
[White "Burmakin, Vladimir"]
[Black "Gomez Garrido, Camilo Ernesto"]
[Result "1-0"]
[WhiteElo "2590"]
[BlackElo "2495"]
[PlyCount "115"]
[EventDate "2014.07.22"]
[EventType "swiss"]
[EventRounds "9"]
[EventCountry "ESP"]
[Source "lmi"]
[SourceDate "2014.07.22"]

1. d4 d5 2. c4 c6 3. Nf3 Nf6 4. e3 a6 5. Nbd2 Bf5 6. b4 e6 7. c5 Be7 8. Nb3
Nbd7 9. a3 Qc7 10. Bb2 h6 11. Be2 O-O 12. O-O Ne4 13. Bd3 Bf6 14. Qc2 e5 15.
dxe5 Nxe5 16. Nxe5 Bxe5 17. Bxe5 Qxe5 18. Rae1 Bh7 19. f3 Nf6 20. Bxh7+ Nxh7
21. e4 dxe4 22. Rxe4 Qf5 23. Na5 Nf6 24. Re2 Qd7 25. Qd2 Nd5 26. Rfe1 Rad8 27.
Qd4 Qc8 28. Nc4 Rd7 29. Nd6 Qd8 30. Re8 Rxd6 31. Rxf8+ Qxf8 32. cxd6 Qxd6 33.
Re8+ Kh7 34. Qe4+ g6 35. Qd4 f6 36. h4 Kg7 37. Qa7 Kf7 38. Rb8 Qf4 39. Rxb7+
Ke6 40. Qc5 Qxh4 41. Qxc6+ Ke5 42. Qe8+ Kd4 43. Qe4+ Qxe4 44. fxe4 Nc3 45. Rb6
Nxe4 46. Rxa6 h5 47. b5 Kd5 48. a4 g5 49. a5 Nd6 50. Rb6 Nc4 51. Rxf6 Nxa5 52.
Rf5+ Ke6 53. Rxg5 h4 54. Rh5 Kd6 55. Rxh4 Kc5 56. Kh2 Kxb5 57. Rh5+ Kb6 58.
Rxa5 1-0

[Event "40. Open Vila de Sitges 2014"]
[Site "Sitges ESP"]
[Date "2014.07.30"]
[Round "8.2"]
[White "Ghosh, Diptayan"]
[Black "Palit, Somak"]
[Result "1/2-1/2"]
[WhiteElo "2468"]
[BlackElo "2411"]
[PlyCount "81"]
[EventDate "2014.07.22"]
[EventType "swiss"]
[EventRounds "9"]
[EventCountry "ESP"]
[Source "lmi"]
[SourceDate "2014.07.22"]

1. d4 d5 2. c4 c6 3. Nf3 Nf6 4. e3 g6 5. Nc3 Bg7 6. Be2 O-O 7. O-O e6 8. b4
Nbd7 9. Qb3 b6 10. cxd5 Nxd5 11. Bb2 Nxc3 12. Bxc3 Bb7 13. Rfc1 Rc8 14. a4 c5
15. dxc5 Bxc3 16. Rxc3 bxc5 17. b5 Qf6 18. Rac1 Rfd8 19. Qa3 Rc7 20. Ne1 Rdc8
21. a5 Qe5 22. Bf1 Qd6 23. Nd3 Qd5 24. Qb2 Ne5 25. Nxe5 Qxe5 26. b6 axb6 27.
Qxb6 Qd5 28. Rd3 Qc6 29. Rd6 Qxb6 30. Rxb6 Bd5 31. f3 f5 32. e4 fxe4 33. fxe4
Bxe4 34. Rxe6 Bf5 35. Rb6 c4 36. Rc3 Kf7 37. Be2 Be4 38. Kf2 Bd5 39. g3 Rc5 40.
a6 Ra5 41. Bf3 1/2-1/2

[Event "40. Open Vila de Sitges 2014"]
[Site "Sitges ESP"]
[Date "2014.07.30"]
[Round "8.3"]
[White "Alarcon Casellas, Rolando"]
[Black "Oliva Castaneda, Kevel"]
[Result "0-1"]
[WhiteElo "2378"]
[BlackElo "2419"]
[PlyCount "70"]
[EventDate "2014.07.22"]
[EventType "swiss"]
[EventRounds "9"]
[EventCountry "ESP"]
[Source "lmi"]
[SourceDate "2014.07.22"]

1. d4 Nf6 2. c4 g6 3. Nc3 Bg7 4. e4 d6 5. Nf3 O-O 6. Be2 e5 7. O-O Nc6 8. d5
Ne7 9. Ne1 Nd7 10. Be3 f5 11. f3 f4 12. Bf2 g5 13. Nd3 Nf6 14. c5 Ng6 15. a4 h5
16. Rc1 Rf7 17. Nb5 g4 18. a5 a6 19. Na3 g3 20. hxg3 fxg3 21. Bxg3 h4 22. Bh2
Bh6 23. Rc3 Be3+ 24. Kh1 Nh5 25. Rf2 Qg5 26. Nc2 Ng3+ 27. Kg1 Bxf2+ 28. Nxf2
Nf4 29. Bf1 Nge2+ 30. Qxe2 Nxe2+ 31. Bxe2 Qc1+ 32. Nd1 h3 33. g4 Qd2 34. Kf2
Bxg4 35. Ne1 Raf8 0-1

[Event "40. Open Vila de Sitges 2014"]
[Site "Sitges ESP"]
[Date "2014.07.30"]
[Round "8.4"]
[White "Perez Mitjans, Orelvis"]
[Black "Grigoryan, Karen H"]
[Result "0-1"]
[WhiteElo "2414"]
[BlackElo "2592"]
[PlyCount "168"]
[EventDate "2014.07.22"]
[EventType "swiss"]
[EventRounds "9"]
[EventCountry "ESP"]
[Source "lmi"]
[SourceDate "2014.07.22"]

1. e4 c5 2. Nf3 d6 3. Bb5+ Nc6 4. O-O Bd7 5. Re1 a6 6. Bf1 Nf6 7. c3 Bg4 8. h3
Bxf3 9. Qxf3 g6 10. d3 Bg7 11. Qd1 Nd7 12. Nd2 O-O 13. Nf3 Nde5 14. Be3 Nxf3+
15. Qxf3 e5 16. Qd1 Qd7 17. a3 f5 18. f3 Kh8 19. b4 cxb4 20. axb4 d5 21. Bc5
Rfe8 22. Qb3 d4 23. c4 Nd8 24. exf5 gxf5 25. Qa4 Qxa4 26. Rxa4 Nf7 27. Bb6 Bh6
28. Ra5 Be3+ 29. Kh1 Re6 30. c5 Rg8 31. Rb1 Ng5 32. Bc7 Bf4 33. Ra2 Rc8 34. Bb6
Rg6 35. b5 axb5 36. Rxb5 Rcg8 37. Bc7 Nxh3 38. Rxb7 Ng5 39. g3 Bxg3 40. Bg2 Bf4
41. Rb8 Rc6 42. Raa8 Rxb8 43. Rxb8+ Kg7 44. Rb7 Nf7 45. Bb6 Kf6 46. Bf1 Bh6 47.
Bg2 Rc8 48. f4 Bxf4 49. c6 Ke6 50. Rd7 Nd6 51. Bc7 e4 52. dxe4 fxe4 53. Bxd6
Bxd6 54. Bxe4 Ke5 55. Bf3 d3 56. Kg2 d2 57. Rxh7 Rxc6 58. Rh5+ Kf4 59. Rd5 Bc5
60. Bd1 Be3 61. Rd8 Rg6+ 62. Kf1 Ke5 63. Ke2 Bh6 64. Kd3 Rg2 65. Rh8 Bg5 66.
Rg8 Rg3+ 67. Kc2 Kd4 68. Rc8 Ra3 69. Rb8 Rc3+ 70. Kb2 Rc1 71. Ba4 d1=Q 72. Bxd1
Rxd1 73. Rg8 Bf6 74. Kc2 Ra1 75. Kd2 Ra2+ 76. Ke1 Be5 77. Re8 Bg3+ 78. Kf1 Kd3
79. Kg1 Bf4 80. Kf1 Be3 81. Re7 Rf2+ 82. Ke1 Rf8 83. Rd7+ Bd4 84. Rd6 Rg8 0-1

[Event "40. Open Vila de Sitges 2014"]
[Site "Sitges ESP"]
[Date "2014.07.30"]
[Round "8.5"]
[White "Meister, Peter"]
[Black "Aroshidze, Levan"]
[Result "0-1"]
[WhiteElo "2410"]
[BlackElo "2565"]
[PlyCount "84"]
[EventDate "2014.07.22"]
[EventType "swiss"]
[EventRounds "9"]
[EventCountry "ESP"]
[Source "lmi"]
[SourceDate "2014.07.22"]

1. d4 Nf6 2. Nf3 e6 3. e3 b6 4. Bd3 Bb7 5. O-O d5 6. b3 Bd6 7. Bb2 O-O 8. Ne5
c5 9. Nd2 Nc6 10. a3 Rc8 11. f4 Ne7 12. Qf3 Ng6 13. dxc5 Bxc5 14. b4 Bd6 15.
Bd4 Nh4 16. Qh3 Ne4 17. Nef3 Nf5 18. Nxe4 dxe4 19. Ng5 h6 20. Nxe4 Nxd4 21.
exd4 Bxb4 22. axb4 Bxe4 23. Qe3 Bxd3 24. Qxd3 Qc7 25. Rf2 Rfd8 26. g3 Qc4 27.
Qxc4 Rxc4 28. Rxa7 Rdxd4 29. Rb7 Rxb4 30. c3 Rd1+ 31. Kg2 Rb3 32. Ra2 Rd8 33.
Raa7 Rf8 34. Re7 g5 35. fxg5 hxg5 36. Kf3 Kg7 37. Rab7 Kg6 38. h4 gxh4 39. gxh4
Rb5 40. c4 Rf5+ 41. Kg4 Rg8 42. h5+ Kh6+ 0-1

[Event "40. Open Vila de Sitges 2014"]
[Site "Sitges ESP"]
[Date "2014.07.30"]
[Round "8.6"]
[White "Movsziszian, Karen"]
[Black "Das, Sayantan"]
[Result "0-1"]
[WhiteElo "2520"]
[BlackElo "2381"]
[PlyCount "140"]
[EventDate "2014.07.22"]
[EventType "swiss"]
[EventRounds "9"]
[EventCountry "ESP"]
[Source "lmi"]
[SourceDate "2014.07.22"]

1. g3 d5 2. Bg2 Nf6 3. d3 c6 4. Nf3 Bf5 5. O-O e6 6. b3 Be7 7. Bb2 h6 8. Nbd2
O-O 9. Re1 a5 10. a3 Bh7 11. e4 c5 12. Ne5 Nc6 13. Nxc6 bxc6 14. a4 Qb6 15. Rb1
Rfe8 16. Qe2 Rad8 17. Bc3 Nd7 18. Kh1 Bf6 19. e5 Be7 20. Bh3 Qa6 21. f4 Nb6 22.
Nf3 c4 23. dxc4 dxc4 24. Bd4 c5 25. Ba1 Nd5 26. Bg2 Nb4 27. Rbc1 cxb3 28. Qxa6
Nxa6 29. cxb3 Nb4 30. Re3 Rd7 31. Bf1 Red8 32. Bb2 g5 33. fxg5 hxg5 34. g4 Rd1
35. Kg2 Bc2 36. Bc4 Kg7 37. Rxd1 Bxd1 38. Kg3 Nd5 39. Re1 Nb6 40. Bc3 Nxc4 41.
bxc4 Rd3 42. Rxd1 Rxd1 43. Bxa5 Ra1 44. Bd2 Kg6 45. Be3 Rxa4 46. Nd2 Ra3 47.
Kf2 Rc3 48. Ke2 Kg7 49. h3 Kg6 50. Kf2 Rc2 51. Kf3 Rc3 52. Ke2 Kg7 53. Kf2 Kf8
54. Ke2 Ke8 55. Kf3 Kd7 56. Ne4 Rxc4 57. Nxg5 Bxg5 58. Bxg5 Rd4 59. h4 Ke8 60.
h5 Kf8 61. Be3 Rd5 62. Ke4 Kg8 63. g5 Kh7 64. Bf2 Kg7 65. Be3 c4 66. Bd4 Rd8
67. Bc3 Rd3 68. Bb4 Rh3 69. h6+ Kg6 70. Kd4 Kxg5 0-1

[Event "40. Open Vila de Sitges 2014"]
[Site "Sitges ESP"]
[Date "2014.07.30"]
[Round "8.7"]
[White "Gomez Ledo, Roberto Carlos"]
[Black "Hernando Rodrigo, Julio Antoni"]
[Result "1/2-1/2"]
[WhiteElo "2429"]
[BlackElo "2332"]
[PlyCount "41"]
[EventDate "2014.07.22"]
[EventType "swiss"]
[EventRounds "9"]
[EventCountry "ESP"]
[Source "lmi"]
[SourceDate "2014.07.22"]

1. d4 Nf6 2. c4 e6 3. Nf3 Bb4+ 4. Bd2 Qe7 5. g3 Nc6 6. Nc3 O-O 7. Bg2 Bxc3 8.
Bxc3 Ne4 9. Rc1 d6 10. O-O Nxc3 11. Rxc3 a5 12. a3 a4 13. d5 Nb8 14. Nd4 e5 15.
Nb5 Bg4 16. h3 Bh5 17. g4 Bg6 18. e3 f5 19. c5 Na6 20. cxd6 cxd6 21. Qxa4
1/2-1/2

[Event "40. Open Vila de Sitges 2014"]
[Site "Sitges ESP"]
[Date "2014.07.30"]
[Round "8.8"]
[White "Del Rey, Diego"]
[Black "Rahman, Ziaur"]
[Result "1/2-1/2"]
[WhiteElo "2363"]
[BlackElo "2515"]
[PlyCount "63"]
[EventDate "2014.07.22"]
[EventType "swiss"]
[EventRounds "9"]
[EventCountry "ESP"]
[Source "lmi"]
[SourceDate "2014.07.22"]

1. d4 d5 2. c4 e6 3. Nf3 Nf6 4. Nc3 Bb4 5. cxd5 exd5 6. Bg5 O-O 7. e3 h6 8. Bh4
c5 9. Rc1 Nbd7 10. dxc5 Qa5 11. a3 Bxc3+ 12. Rxc3 Ne4 13. b4 Nxc3 14. Qa1 Qa4
15. Qxc3 a5 16. b5 Nxc5 17. Qxc5 Be6 18. Qc1 Rfc8 19. Qa1 Bg4 20. Bg3 d4 21.
Be2 Bxf3 22. gxf3 Rc3 23. O-O Rd8 24. exd4 Rxa3 25. Qc1 Re8 26. Qc4 Qxc4 27.
Bxc4 Rd8 28. d5 Rc3 29. Ba2 Ra3 30. Bc4 Rc3 31. Ba2 Ra3 32. Bc4 1/2-1/2

[Event "40. Open Vila de Sitges 2014"]
[Site "Sitges ESP"]
[Date "2014.07.30"]
[Round "8.9"]
[White "Mosquera, Miguel"]
[Black "Gonzalez Perez, Arian"]
[Result "1/2-1/2"]
[WhiteElo "2362"]
[BlackElo "2494"]
[PlyCount "81"]
[EventDate "2014.07.22"]
[EventType "swiss"]
[EventRounds "9"]
[EventCountry "ESP"]
[Source "lmi"]
[SourceDate "2014.07.22"]

1. e4 c5 2. c3 g6 3. d4 cxd4 4. cxd4 d5 5. e5 Bg7 6. Nc3 Nc6 7. f4 Nh6 8. Bb5
O-O 9. Nge2 Bg4 10. Be3 Qb6 11. Qd2 e6 12. Ng3 Nf5 13. Nxf5 Bxf5 14. O-O Rac8
15. Be2 Qb4 16. Rac1 Rfd8 17. a3 Qe7 18. b4 h5 19. Nb5 a6 20. Nd6 Ra8 21. Rc5
Bf8 22. Rfc1 Qc7 23. Nxb7 Bxc5 24. Nxd8 Nxd4 25. Nxe6 fxe6 26. Rxc5 Nxe2+ 27.
Qxe2 Qb7 28. Qe1 Rc8 29. Qh4 Qd7 30. h3 Rxc5 31. Bxc5 d4 32. Qf6 Qc8 33. g4
hxg4 34. hxg4 Be4 35. Kf2 d3 36. Ke3 Qe8 37. Kd2 Bf3 38. f5 Bxg4 39. fxg6 Bf5
40. g7 Qf7 41. Bf8 1/2-1/2

[Event "40. Open Vila de Sitges 2014"]
[Site "Sitges ESP"]
[Date "2014.07.30"]
[Round "8.10"]
[White "Vidarte Morales, Arturo"]
[Black "Munoz Pantoja, Miguel"]
[Result "1/2-1/2"]
[WhiteElo "2323"]
[BlackElo "2457"]
[PlyCount "81"]
[EventDate "2014.07.22"]
[EventType "swiss"]
[EventRounds "9"]
[EventCountry "ESP"]
[Source "lmi"]
[SourceDate "2014.07.22"]

1. c4 c5 2. Nf3 g6 3. d4 Bg7 4. e4 Nc6 5. d5 Nd4 6. Nxd4 cxd4 7. Bd3 d6 8. O-O
Nf6 9. Na3 e5 10. dxe6 fxe6 11. f4 O-O 12. Qe2 e5 13. fxe5 dxe5 14. Bg5 h6 15.
Bxf6 Bxf6 16. c5 Qe7 17. Nb5 h5 18. Qc2 Kh7 19. Nd6 Be6 20. Bc4 Bxc4 21. Qxc4
b6 22. b4 a5 23. a3 axb4 24. axb4 Rxa1 25. Rxa1 bxc5 26. bxc5 Bg5 27. Rf1 Be3+
28. Kh1 Rxf1+ 29. Qxf1 d3 30. Qxd3 Bxc5 31. Nc4 Bd4 32. g3 Qb4 33. Qe2 Kg7 34.
Kg2 Qb5 35. Qf1 Qc6 36. Qd3 Qa6 37. Qe2 Qc6 38. Qd3 Qb5 39. Qf1 Qa6 40. Qe2 Qc6
41. Qd3 1/2-1/2

[Event "40. Open Vila de Sitges 2014"]
[Site "Sitges ESP"]
[Date "2014.07.31"]
[Round "9.2"]
[White "Burmakin, Vladimir"]
[Black "Ghosh, Diptayan"]
[Result "1/2-1/2"]
[WhiteElo "2590"]
[BlackElo "2468"]
[PlyCount "40"]
[EventDate "2014.07.22"]
[EventType "swiss"]
[EventRounds "9"]
[EventCountry "ESP"]
[Source "lmi"]
[SourceDate "2014.07.22"]

1. d4 d5 2. c4 c6 3. Nf3 Nf6 4. Qc2 dxc4 5. Qxc4 Bg4 6. Nbd2 Nbd7 7. g3 e6 8.
Bg2 Be7 9. O-O O-O 10. Qb3 Qb6 11. Nc4 Qa6 12. e3 Rfd8 13. Nce5 Nxe5 14. Nxe5
Be2 15. Re1 Nd7 16. Qc2 Bh5 17. Bf1 Qa5 18. Bd2 Qc7 19. Nd3 Bg6 20. Qc3 Nf6
1/2-1/2

[Event "40. Open Vila de Sitges 2014"]
[Site "Sitges ESP"]
[Date "2014.07.31"]
[Round "9.3"]
[White "Aroshidze, Levan"]
[Black "Gomez Garrido, Camilo Ernesto"]
[Result "1/2-1/2"]
[WhiteElo "2565"]
[BlackElo "2495"]
[PlyCount "20"]
[EventDate "2014.07.22"]
[EventType "swiss"]
[EventRounds "9"]
[EventCountry "ESP"]
[Source "lmi"]
[SourceDate "2014.07.22"]

1. e4 e5 2. Nf3 Nf6 3. Nxe5 d6 4. Nf3 Nxe4 5. d3 Nf6 6. d4 d5 7. Bd3 Be7 8. O-O
O-O 9. Bg5 c6 10. Nbd2 h6 1/2-1/2

[Event "40. Open Vila de Sitges 2014"]
[Site "Sitges ESP"]
[Date "2014.07.31"]
[Round "9.4"]
[White "Das, Sayantan"]
[Black "Grigoryan, Karen H"]
[Result "0-1"]
[WhiteElo "2381"]
[BlackElo "2592"]
[PlyCount "66"]
[EventDate "2014.07.22"]
[EventType "swiss"]
[EventRounds "9"]
[EventCountry "ESP"]
[Source "lmi"]
[SourceDate "2014.07.22"]

1. e4 c5 2. Nf3 d6 3. d4 cxd4 4. Nxd4 Nf6 5. Nc3 a6 6. Bg5 e6 7. f4 Qb6 8. Qd3
Qxb2 9. Rb1 Qa3 10. f5 Nc6 11. fxe6 fxe6 12. Be2 Qc5 13. Bxf6 gxf6 14. Nxc6
bxc6 15. Qh3 Bg7 16. Bh5+ Ke7 17. Ne2 Bd7 18. e5 dxe5 19. Rd1 Rad8 20. Rd3 f5
21. Rc3 Qb6 22. Rb3 Qa5+ 23. c3 Qc5 24. Kd2 Bc8+ 25. Kc2 e4 26. Qg3 Be5 27.
Qg5+ Bf6 28. Qh6 Rdg8 29. h4 Rxg2 30. Rhb1 Qa7 31. Rb6 Qc7 32. a4 f4 33. Kc1
Bg7 0-1

[Event "40. Open Vila de Sitges 2014"]
[Site "Sitges ESP"]
[Date "2014.07.31"]
[Round "9.5"]
[White "Akshat, Khamparia"]
[Black "Gomez Ledo, Roberto Carlos"]
[Result "1-0"]
[WhiteElo "2367"]
[BlackElo "2429"]
[PlyCount "90"]
[EventDate "2014.07.22"]
[EventType "swiss"]
[EventRounds "9"]
[EventCountry "ESP"]
[Source "lmi"]
[SourceDate "2014.07.22"]

1. d4 d6 2. Nf3 Nf6 3. g3 Nbd7 4. Bg2 e5 5. c4 Be7 6. O-O O-O 7. Nc3 Re8 8. e4
c6 9. h3 Bf8 10. Re1 a6 11. a4 a5 12. b3 Qc7 13. Be3 g6 14. Qc2 Bg7 15. Rad1 h5
16. Bc1 Nh7 17. Be3 Nhf6 18. Nb1 Nh7 19. c5 exd4 20. cxd6 Qxd6 21. Nxd4 Qe7 22.
f4 Ndf8 23. Nd2 Be6 24. Nc4 Bxc4 25. Qxc4 Rad8 26. e5 Qb4 27. Qxb4 axb4 28. a5
f6 29. Nxc6 bxc6 30. Bxc6 fxe5 31. Bb6 Rb8 32. Bxe8 Rxe8 33. a6 Bf6 34. a7 Ra8
35. fxe5 Be7 36. h4 Kf7 37. Re4 Ke6 38. Rc4 g5 39. Rc6+ Kxe5 40. Rc7 Bd6 41.
Rb7 gxh4 42. gxh4 Nf6 43. Bd4+ Kd5 44. Bxf6+ Kc6 45. Rf7 Ne6 1-0

[Event "40. Open Vila de Sitges 2014"]
[Site "Sitges ESP"]
[Date "2014.07.31"]
[Round "9.6"]
[White "Hernando Rodrigo, Julio Antoni"]
[Black "Alarcon Casellas, Rolando"]
[Result "1/2-1/2"]
[WhiteElo "2332"]
[BlackElo "2378"]
[PlyCount "78"]
[EventDate "2014.07.22"]
[EventType "swiss"]
[EventRounds "9"]
[EventCountry "ESP"]
[Source "lmi"]
[SourceDate "2014.07.22"]

1. d4 d5 2. Nf3 Nf6 3. c4 c6 4. e3 Bf5 5. Nc3 e6 6. Bd3 Bxd3 7. Qxd3 Bb4 8. Bd2
O-O 9. O-O Bxc3 10. Bxc3 Ne4 11. Bb4 Re8 12. Rfd1 Nd7 13. a4 h6 14. Nd2 f5 15.
f3 Nxd2 16. Rxd2 Qg5 17. Bd6 dxc4 18. Qc3 b5 19. e4 fxe4 20. fxe4 Nf6 21. Re2
Red8 22. Bc5 e5 23. axb5 cxb5 24. Rxa7 exd4 25. Bxd4 Rxd4 26. Qxd4 Qc1+ 27. Kf2
Rf8 28. Rxg7+ Kxg7 29. Re3 Kh7 30. Rf3 Qc2+ 31. Kg1 Rg8 32. g3 Ng4 33. Rf7+ Kg6
34. Rf4 Qxh2+ 35. Kf1 Qh1+ 36. Ke2 Qg2+ 37. Kd1 Ne5 38. Rf5 Ra8 39. Qd6+ Kh7
1/2-1/2

[Event "40. Open Vila de Sitges 2014"]
[Site "Sitges ESP"]
[Date "2014.07.31"]
[Round "9.8"]
[White "Rahman, Ziaur"]
[Black "Piasetski, Leon"]
[Result "1-0"]
[WhiteElo "2515"]
[BlackElo "2297"]
[PlyCount "97"]
[EventDate "2014.07.22"]
[EventType "swiss"]
[EventRounds "9"]
[EventCountry "ESP"]
[Source "lmi"]
[SourceDate "2014.07.22"]

1. b3 Nf6 2. Bb2 g6 3. Bxf6 exf6 4. c4 Bg7 5. Nc3 f5 6. Rc1 d6 7. g3 Nd7 8. Bg2
c6 9. e3 Nf6 10. Nge2 O-O 11. O-O Re8 12. b4 Ne4 13. d3 Nxc3 14. Nxc3 Be6 15.
Qb3 Rc8 16. Ne2 g5 17. d4 b5 18. d5 cxd5 19. cxd5 Bd7 20. Qd3 Qb6 21. Bh3 g4
22. Bg2 a5 23. a3 axb4 24. axb4 Qa7 25. h4 Qb6 26. Rfe1 Rxc1 27. Rxc1 Rc8 28.
Rxc8+ Bxc8 29. e4 Bd7 30. exf5 Qc7 31. Qe4 Qc4 32. Qe7 Bxf5 33. Qd8+ Bf8 34.
Qg5+ Bg7 35. Nf4 Qc8 36. Nh5 Bg6 37. Nf6+ Bxf6 38. Qxf6 Qc1+ 39. Kh2 Qd2 40.
Qxd6 Qxf2 41. Qe5 f6 42. Qe6+ Bf7 43. Qxg4+ Kf8 44. Qc8+ Kg7 45. Qc5 Qe2 46. d6
Qd2 47. Qc7 Kg6 48. h5+ Kg7 49. d7 1-0

[Event "40. Open Vila de Sitges 2014"]
[Site "Sitges ESP"]
[Date "2014.07.31"]
[Round "9.9"]
[White "Gonzalez Perez, Arian"]
[Black "Vidarte Morales, Arturo"]
[Result "1-0"]
[WhiteElo "2494"]
[BlackElo "2323"]
[PlyCount "99"]
[EventDate "2014.07.22"]
[EventType "swiss"]
[EventRounds "9"]
[EventCountry "ESP"]
[Source "lmi"]
[SourceDate "2014.07.22"]

1. e4 c5 2. Nf3 Nc6 3. d4 cxd4 4. Nxd4 g6 5. Nc3 Bg7 6. Nb3 Nf6 7. Be2 d6 8.
Be3 O-O 9. f4 Be6 10. g4 Rc8 11. f5 Bd7 12. g5 Ne8 13. Rf1 Ne5 14. Qd2 Rxc3 15.
bxc3 Qc7 16. Bd4 Bc6 17. Qe3 b6 18. Rf4 d5 19. exd5 Bxd5 20. O-O-O Bxb3 21.
axb3 gxf5 22. Rxf5 Ng6 23. Bxg7 Nxg7 24. Rf2 e6 25. c4 Nf5 26. Qe4 a5 27. Bg4
Qc5 28. Re2 Qa3+ 29. Kb1 a4 30. Qf3 Nfh4 31. Qe3 axb3 32. cxb3 Ra8 33. Rb2 Qa5
34. Bxe6 fxe6 35. Qxe6+ Kh8 36. Qf6+ Kg8 37. Rd8+ Rxd8 38. Qxd8+ Nf8 39. Rd2
Qf5+ 40. Kc1 b5 41. Qd5+ Qxd5 42. Rxd5 bxc4 43. b4 Nhg6 44. b5 Ne7 45. Rd8 Kf7
46. b6 Ne6 47. b7 Nc6 48. Rd7+ Ke8 49. Rxh7 Kd8 50. g6 1-0

[Event "40. Open Vila de Sitges 2014"]
[Site "Sitges ESP"]
[Date "2014.07.31"]
[Round "9.10"]
[White "Munoz Pantoja, Miguel"]
[Black "Raghunandan, Kaumandur Srihari"]
[Result "1/2-1/2"]
[WhiteElo "2457"]
[BlackElo "2148"]
[PlyCount "84"]
[EventDate "2014.07.22"]
[EventType "swiss"]
[EventRounds "9"]
[EventCountry "ESP"]
[Source "lmi"]
[SourceDate "2014.07.22"]

1. e4 c5 2. Nf3 d6 3. Bb5+ Bd7 4. Bxd7+ Qxd7 5. O-O Nf6 6. Re1 Nc6 7. d4 cxd4
8. Nxd4 g6 9. c4 Nxd4 10. Qxd4 Bg7 11. Nc3 O-O 12. Bg5 Ng4 13. Qd2 Ne5 14. b3
Qg4 15. Kf1 Nxc4 16. bxc4 Bxc3 17. Qxc3 Qxg5 18. e5 dxe5 19. Qxe5 Qxe5 20. Rxe5
e6 21. Rb5 b6 22. a4 Rac8 23. a5 Rxc4 24. axb6 axb6 25. Rxb6 Rfc8 26. g3 Rc1+
27. Rxc1 Rxc1+ 28. Kg2 g5 29. Rb4 Kg7 30. h4 h6 31. hxg5 hxg5 32. g4 Rc5 33.
Rb7 Kg6 34. Re7 Rc6 35. f3 f5 36. gxf5+ exf5 37. Re5 Rc2+ 38. Kf1 f4 39. Re8
Kh5 40. Rh8+ Kg6 41. Re8 Kh5 42. Rh8+ Kg6 1/2-1/2